All Ice-Type Pokémon moves (SV) - Statistics

General Stats
  • This quiz has been taken 85 times
  • The average score is 26 of 33
Answer Stats
Gen Category Base Power Description Answer % Correct
I Special 65 The target is hit with a rainbow-colored beam. This may also lower the target's Attack stat. Aurora Beam
100%
I Special 110 A howling blizzard is summoned to strike opposing Pokémon. This may also leave the opposing Pokémon frozen. Blizzard
100%
I Physical 75 The target is attacked with an icy punch. This may also leave the target frozen. Ice Punch
100%
I Special 90 The target is struck with an icy-cold beam of energy. This may also leave the target frozen. Ice Beam
98%
IV Physical 65 The user bites with cold-infused fangs. This may also make the target flinch or leave it frozen. Ice Fang
96%
III Status - The user summons a hailstorm lasting five turns. It damages all Pokémon except Ice types. Hail
94%
I Status - The user creates a haze that eliminates every stat change among all the Pokémon engaged in battle. Haze
94%
V Physical 85 The user attacks by crashing large icicles onto the target. This may also make the target flinch. Icicle Crash
94%
VII Status - This move reduces damage from physical and special moves for five turns. This can be used only when it is snowing. Aurora Veil
92%
III Physical 30 The user attacks the target for five turns. The move's power increases each time it hits. Ice Ball
90%
II Special 55 The user attacks with a gust of chilled air. This also lowers the opposing Pokémon's Speed stats. Icy Wind
90%
II Special 40 The user attacks with a chilling gust of powdery snow. This may also leave opposing Pokémon frozen. Powder Snow
90%
IV Physical 40 The user flash-freezes chunks of ice and hurls them at the target. This move always goes first. Ice Shard
88%
VI Special 70 The user rapidly cools the target. This may also leave the target frozen. This move is super effective on Water types. Freeze-Dry
86%
V Special 60 The user attacks by blowing its cold breath on the target. This move always lands a critical hit. Frost Breath
86%
III Physical 25 The user attacks by launching sharp icicles at the target. This move hits two to five times in a row. Icicle Spear
86%
III Special - The target faints instantly. This move is less likely to hit the target if used by Pokémon other than Ice types. Sheer Cold
86%
I Status - The user cloaks itself and its allies in a white mist that prevents any of their stats from being lowered for five turns. Mist
84%
VIII Physical 20 A consecutive three-kick attack that becomes more powerful with each successful hit. Triple Axel
82%
IV Physical 60 This move's power is doubled if the target has inflicted damage on the user in the same turn. Avalanche
80%
VII Physical 100 The user swings its strong, heavy fist at the target to inflict damage. This also lowers the user's Speed stat. Ice Hammer
78%
iX Physical 80 The user covers its feet in thin ice and twirls around, slamming into the target. This move's spinning motion also destroys the terrain. Ice Spinner
76%
IX Status - The user tells a chillingly bad joke before switching places with a party Pokémon in waiting. This summons a snowstorm lasting five turns. Chilly Reception
71%
V Physical 140 The turn after using this move, the user hits the target with electrically charged ice to inflict damage. This may also leave the target with paralysis. Freeze Shock
71%
V Special 65 The user attacks by blowing freezing cold air at opposing Pokémon. This also lowers their Speed stats. Glaciate
63%
V Special 140 The turn after using this move, the user surrounds the target with an ultracold, freezing wind to inflict damage. This may also leave the target with a burn. Ice Burn
63%
VII Physical/Special - The user dramatically drops the temperature using its Z-Power and freezes the target with full force. The power varies, depending on the original move. Subzero Slammer
63%
VIII Physical/Special - This is an Ice-type attack Dynamax Pokémon use. The user summons a hailstorm/snowstorm lasting five turns. Max Hailstorm
59%
iX Status - The user summons a snowstorm lasting five turns. This boosts the Defense stats of Ice types. Snowscape
59%
VIII Physical 120 The user attacks by hurling a blizzard-cloaked icicle lance at opposing Pokémon. Glacial Lance
55%
VIII Physical/Special - An Ice-type attack that Gigantamax Lapras use. This move reduces the damage received for five turns. G-Max Resonance
33%
VII Special 100 The user attacks with a crystal made of cold frozen haze. It eliminates every stat change among all the Pokémon engaged in battle. Freezy Frost
31%
VIII Physical 100 The user hurls giant chunks of ice at the target to inflict damage. This may also make the target flinch. Mountain Gale
22%
No matching quizzes found
Score Distribution
Percent of People with Each Score
Percentile by Number Answered
Your Score History
You have not taken this quiz